Pactos sobre transferencia de acciones en la Empresa Familiar
Збережено в:
| Автор: | |
|---|---|
| Інші автори: | |
| Формат: | Невідомо |
| Мова: | Англійська |
| Опубліковано: |
Santiago, Chile.
El Jurista,
2021
|
| Редагування: | 1a.edición |
| Серія: | Colección: Monografías Jurídicas
|
| Предмети: | |
| Теги: |
Додати тег
Немає тегів, Будьте першим, хто поставить тег для цього запису!
|
MARC
| LEADER | 00000 a2200000 4500 | ||
|---|---|---|---|
| 003 | CL-VaPUC | ||
| 005 | 20210824131915.0 | ||
| 008 | 210624b ||||| |||| 00| 0 eng d | ||
| 999 | |c 433217 |d 433215 | ||
| 020 | |a 978-956-367-078-3 | ||
| 040 | |c Pontificia Universidad Católica de Valparaíso | ||
| 082 | |a 346.07 ANT 2021 |2 22 | ||
| 100 | |a Antúnez Vergara, Vicente |9 861761 | ||
| 245 | |a Pactos sobre transferencia de acciones en la Empresa Familiar | ||
| 250 | |a 1a.edición | ||
| 260 | |a Santiago, Chile. |b El Jurista, |c 2021 | ||
| 300 | |a 204 páginas | ||
| 490 | |a Colección: Monografías Jurídicas | ||
| 583 | |k Cristina Rojas |c 20210624 | ||
| 650 | 0 | |9 430901 |a Derecho societario |v Empresa familiar | |
| 650 | 0 | |a Empresa familiar |v Accionistas |v Pactos |9 862504 | |
| 700 | |a Carvajal Arenas, Lorena |e coordinadora |9 861910 | ||
| 942 | |2 ddc |c BK | ||
| 952 | |0 0 |1 0 |2 ddc |4 0 |6 346_070000000000000_ANT_2021 |7 0 |8 A |9 578313 |a BIBDER |b BIBDER |d 2021-06-24 |e 22 |g 23800.00 |i 5585287 |l 3 |o 346.07 ANT 2021 |p 5585287 |r 2023-12-20 |s 2023-12-20 |t 1 |v 23800.00 |w 2021-06-24 |y BK |k DER | ||